| 000 | 00569nam a2200193Ia 4500 | ||
|---|---|---|---|
| 003 | OSt | ||
| 005 | 20220107122750.0 | ||
| 008 | 130318s9999 xx 000 0 und d | ||
| 020 | _a9788126540211 | ||
| 040 | _cIIITM-K | ||
| 082 | _a658.404 MIL/P | ||
| 100 |
_aMilosevic, Dragan Z _95649 |
||
| 245 |
_aProject management toolbox: _bTools and techniques for the practicing project manager _cby Dragan Z Milosevic |
||
| 260 |
_bWiley, _aNew Delhi, _c2013. |
||
| 300 | _axvi, 584p. | ||
| 650 |
_aMANAGEMENT _95650 |
||
| 650 |
_aPROJECT MANAGEMENT _95651 |
||
| 942 |
_2ddc _cBK |
||
| 999 |
_c4319 _d4319 |
||